[Event "Drammen Konnerud Autumn-A"]
[Site "Drammen"]
[Date "2020.10.29"]
[Round "11"]
[White "Stenseng, Benjamin"]
[Black "Rorvik, Jon Fredrik"]
[Result "0-1"]
[WhiteElo "1514"]
[BlackElo "2186"]
[PlyCount "106"]
[EventDate "2020.08.19"]
[EventType "tourn"]
[EventRounds "13"]
[EventCountry "NOR"]
[SourceTitle "EXT 2024"]
[Source "ChessBase"]
[SourceDate "2023.10.10"]
[SourceVersion "1"]
[SourceVersionDate "2023.10.10"]
[SourceQuality "1"]

1. e4 e5 2. Nf3 Nc6 3. d4 exd4 4. Nxd4 Bc5 5. Nb3 Bb6 6. a4 Qf6 7. Qf3 a6 8. Nc3 Qxf3 9. gxf3 Nge7 10. Bc4 Nb4 11. Bd3 c5 12. Nd2 d5 13. exd5 Nexd5 14. Nxd5 Nxd5 15. Nc4 Bc7 16. Rg1 g6 17. Be4 Be6 18. Bg5 f5 19. Bxd5 Bxd5 20. 0-0-0 Be6 21. Rge1 Kf7 22. Rd7+ Bxd7 23. Re7+ Kf8 24. Rxd7 Rc8 25. Bf6 Rg8 26. Rxh7 Bf4+ 27. Kb1 Rc7 28. Rh4 g5 29. Rh5 Kf7 30. Bc3 Kg6 31. Rh3 Rh7 32. Rxh7 Kxh7 33. Ne3 Bxh2 34. Nxf5 Rf8 35. Ng3 Rxf3 36. Ne4 Kg6 37. Be1 b6 38. Kc1 Rf4 39. Nc3 Bg1 40. Ne2 Re4 41. Kd1 Bh2 42. Nc3 Rd4+ 43. Ke2 Bf4 44. f3 Kf5 45. b3 Rd7 46. Ne4 g4 47. Kf2 Rh7 48. Ng3+ Bxg3+ 49. Kxg3 Rh3+ 50. Kg2 Rxf3 51. c3 Ke4 52. b4 c4 53. Bf2 Rxf2+ 0-1

[Event "Konnerud CC-ch"]
[Site "Konnerud"]
[Date "2019.02.20"]
[Round "3"]
[White "Rorvik, Jon Fredrik"]
[Black "Aure, Anders Nilsson"]
[Result "1-0"]
[WhiteElo "2175"]
[BlackElo "1774"]
[PlyCount "107"]
[EventDate "2019.01.16"]
[EventType "swiss"]
[EventRounds "9"]
[EventCountry "NOR"]
[SourceTitle "EXT 2024"]
[Source "ChessBase"]
[SourceDate "2023.10.10"]
[SourceVersion "1"]
[SourceVersionDate "2023.10.10"]
[SourceQuality "1"]

1. c4 Nf6 2. Nc3 d5 3. cxd5 Nxd5 4. e4 Nxc3 5. bxc3 g6 6. Nf3 Bg7 7. Bc4 0-0 8. 0-0 c5 9. Ba3 Qc7 10. Rc1 a6 11. d4 Nd7 12. Qe2 b5 13. Bd5 Bb7 14. c4 b4 15. Bb2 e6 16. Bxb7 Qxb7 17. d5 exd5 18. Bxg7 Kxg7 19. exd5 Rfe8 20. Qb2+ Kg8 21. Rfe1 Qc7 22. g3 a5 23. Re2 Rxe2 24. Qxe2 Nf6 25. Qb2 Ne4 26. Re1 Nc3 27. Qd2 Qd6 28. Kg2 Kg7 29. h4 h5 30. Ng5 Ra7 31. Ne4 Nxe4 32. Rxe4 a4 33. Re3 Re7 34. Rxe7 Qxe7 35. d6 Qb7+ 36. Kh2 Qd7 37. Qd5 b3 38. axb3 axb3 39. Qxc5 b2 40. Qd4+ Kh7 41. Qxb2 Qxd6 42. Qb7 Kg7 43. Qe4 Kf6 44. Kg2 Qb4 45. Qd5 Ke7 46. c5 Qb8 47. Kf3 f6 48. Qe4+ Kd7 49. c6+ Kc8 50. Qe8+ Kc7 51. Qxb8+ Kxb8 52. Ke4 Kc7 53. Kd5 g5 54. Ke6 1-0

[Event "Konnerud CC-ch"]
[Site "Konnerud"]
[Date "2019.01.23"]
[Round "2"]
[White "Hoisveen, Tore"]
[Black "Rorvik, Jon Fredrik"]
[Result "0-1"]
[WhiteElo "1541"]
[BlackElo "2175"]
[PlyCount "50"]
[EventDate "2019.01.16"]
[EventType "swiss"]
[EventRounds "9"]
[EventCountry "NOR"]
[SourceTitle "EXT 2024"]
[Source "ChessBase"]
[SourceDate "2023.10.10"]
[SourceVersion "1"]
[SourceVersionDate "2023.10.10"]
[SourceQuality "1"]

1. e4 c5 2. Nf3 Nc6 3. Bc4 e6 4. Nc3 a6 5. a3 Qc7 6. d3 Nf6 7. Bd2 g6 8. Rb1 b5 9. Ba2 Bb7 10. Ne2 Bg7 11. h3 0-0 12. 0-0 d5 13. exd5 Nxd5 14. Qc1 Rfe8 15. Ng3 Rac8 16. Bh6 Bh8 17. h4 a5 18. h5 Nd4 19. Nh4 Qe7 20. Bg5 Bf6 21. f4 Qc7 22. Bxd5 Bxg5 23. Bxb7 Bxh4 24. Bxc8 Bxg3 25. c3 Ne2+ 0-1

[Event "Konnerud CC-ch"]
[Site "Konnerud"]
[Date "2018.03.07"]
[Round "6"]
[White "Aure, Anders Nilsson"]
[Black "Rorvik, Jon Fredrik"]
[Result "1/2-1/2"]
[WhiteElo "1758"]
[BlackElo "2171"]
[PlyCount "90"]
[EventDate "2018.01.10"]
[EventType "swiss"]
[EventRounds "9"]
[EventCountry "NOR"]
[SourceTitle "EXT 2024"]
[Source "ChessBase"]
[SourceDate "2023.10.10"]
[SourceVersion "1"]
[SourceVersionDate "2023.10.10"]
[SourceQuality "1"]

1. e4 e5 2. Nf3 Nc6 3. d4 exd4 4. Nxd4 Bc5 5. Nb3 Bb6 6. a4 a6 7. Nc3 d6 8. Nd5 Ba7 9. Be3 Bxe3 10. Nxe3 Nf6 11. f3 0-0 12. Be2 Be6 13. 0-0 Ne7 14. Nd4 Bd7 15. c3 c6 16. Qd2 Qc7 17. Rfd1 Rad8 18. a5 d5 19. exd5 Nexd5 20. Nxd5 Nxd5 21. Bc4 Nf4 22. Qf2 Qe5 23. Ne2 Ng6 24. Qd4 Qg5 25. Qd2 Qe7 26. Nf4 Be6 27. Nxg6 hxg6 28. Qe3 Qf6 29. Bxe6 fxe6 30. Rxd8 Rxd8 31. Re1 Kf7 32. h3 Rd5 33. b4 Qf5 34. Qb6 Rd7 35. Qe3 Qd5 36. Kf2 Qc4 37. Re2 Qh4+ 38. Kg1 Qc4 39. Kf2 Qh4+ 40. Kg1 Rd1+ 41. Kh2 Qc4 42. Kg3 Rd3 43. Qb6 Rd7 44. Qe3 Rd3 45. Qb6 Rd7 1/2-1/2

[Event "Konnerud CC-ch"]
[Site "Konnerud"]
[Date "2018.01.31"]
[Round "3"]
[White "Taksrud, Vidar"]
[Black "Rorvik, Jon Fredrik"]
[Result "1/2-1/2"]
[WhiteElo "2036"]
[BlackElo "2171"]
[PlyCount "23"]
[EventDate "2018.01.10"]
[EventType "swiss"]
[EventRounds "9"]
[EventCountry "NOR"]
[SourceTitle "EXT 2024"]
[Source "ChessBase"]
[SourceDate "2023.10.10"]
[SourceVersion "1"]
[SourceVersionDate "2023.10.10"]
[SourceQuality "1"]

1. d4 d5 2. Nf3 Nf6 3. g3 e6 4. Bg2 Be7 5. 0-0 0-0 6. Bg5 Nbd7 7. Nbd2 c5 8. c4 cxd4 9. Nxd4 h6 10. Bxf6 Bxf6 11. e3 Nb6 12. c5 1/2-1/2

[Event "Konnerud CC-ch"]
[Site "Konnerud"]
[Date "2018.01.17"]
[Round "2"]
[White "Rorvik, Jon Fredrik"]
[Black "Lovaas, Roger"]
[Result "1-0"]
[WhiteElo "2171"]
[BlackElo "1487"]
[PlyCount "63"]
[EventDate "2018.01.10"]
[EventType "swiss"]
[EventRounds "9"]
[EventCountry "NOR"]
[SourceTitle "EXT 2024"]
[Source "ChessBase"]
[SourceDate "2023.10.10"]
[SourceVersion "1"]
[SourceVersionDate "2023.10.10"]
[SourceQuality "1"]

1. c4 e5 2. Nc3 Bb4 3. g3 Nf6 4. Bg2 c6 5. e4 0-0 6. Nge2 d6 7. 0-0 Be6 8. Qb3 Qa5 9. d4 Nbd7 10. d5 Nc5 11. Qc2 cxd5 12. Nxd5 Nxd5 13. exd5 Bg4 14. Be3 Qa4 15. b3 Qa3 16. Bc1 Qa6 17. f3 Bh5 18. a3 Ba5 19. b4 Bxb4 20. axb4 Qxa1 21. bxc5 Bg6 22. Qb3 dxc5 23. Bg5 Qa6 24. Be7 Rfe8 25. d6 Bf5 26. f4 Rab8 27. fxe5 Be6 28. Qd1 Rxe7 29. dxe7 Re8 30. Qd8 Qa4 31. Rd1 f6 32. Nc3 1-0

[Event "EU-ch Seniors 50 17h"]
[Site "Sabadell"]
[Date "2017.08.19"]
[Round "8"]
[White "Rorvik, Jon Fredrik"]
[Black "Tunik, Gennady"]
[Result "0-1"]
[WhiteElo "2159"]
[BlackElo "2388"]
[PlyCount "76"]
[EventDate "2017.08.12"]
[EventType "swiss"]
[EventRounds "9"]
[EventCountry "ESP"]
[SourceTitle "CBM 180 Extra"]
[Source "ChessBase"]
[SourceDate "2017.10.06"]
[SourceVersion "1"]
[SourceVersionDate "2017.10.06"]
[SourceQuality "1"]

1. c4 Nf6 2. g3 e5 3. Bg2 d5 4. cxd5 Nxd5 5. Nc3 Nb6 6. Nf3 Nc6 7. 0-0 Be7 8. d3 0-0 9. Be3 Kh8 10. Rc1 f6 11. Na4 Nd5 12. Bc5 b6 13. Bxe7 Ncxe7 14. a3 c5 15. b4 cxb4 16. axb4 Bb7 17. Qb3 Qd7 18. d4 e4 19. Nd2 f5 20. b5 Nc7 21. Nc3 Qxd4 22. Rfd1 Qf6 23. Nc4 Ned5 24. e3 Nxc3 25. Rxc3 Nxb5 26. Rcc1 a6 27. Bf1 Rac8 28. Qb4 h6 29. Rd7 Bc6 30. Rdd1 Ba8 31. Ra1 Bb7 32. Rab1 Rfd8 33. Rbc1 Qe6 34. Qb2 Kh7 35. Rxd8 Rxd8 36. Ne5 Rd5 37. Nc4 Rc5 38. Rd1 Bd5 0-1

[Event "EU-ch Seniors 50 17h"]
[Site "Sabadell"]
[Date "2017.08.15"]
[Round "4"]
[White "Rorvik, Jon Fredrik"]
[Black "Canal Oliveras, Joan"]
[Result "1/2-1/2"]
[WhiteElo "2159"]
[BlackElo "2205"]
[PlyCount "29"]
[EventDate "2017.08.12"]
[EventType "swiss"]
[EventRounds "9"]
[EventCountry "ESP"]
[SourceTitle "CBM 180 Extra"]
[Source "ChessBase"]
[SourceDate "2017.10.06"]
[SourceVersion "1"]
[SourceVersionDate "2017.10.06"]
[SourceQuality "1"]

1. c4 f5 2. g3 Nf6 3. Bg2 e5 4. Nc3 d6 5. e3 g6 6. Nge2 Bg7 7. 0-0 0-0 8. d4 c6 9. b3 Qc7 10. Ba3 e4 11. Qd2 Re8 12. Rac1 Nbd7 13. Rfe1 Nf8 14. Bb2 Qf7 15. Ba3 1/2-1/2

[Event "Konnerud CC-ch"]
[Site "Konnerud"]
[Date "2017.02.22"]
[Round "5"]
[White "Rorvik, Jon Fredrik"]
[Black "Aure, Anders Nilsson"]
[Result "1-0"]
[WhiteElo "2155"]
[BlackElo "1824"]
[PlyCount "47"]
[EventDate "2017.01.11"]
[EventType "swiss"]
[EventRounds "9"]
[EventCountry "NOR"]
[SourceTitle "EXT 2024"]
[Source "ChessBase"]
[SourceDate "2023.10.10"]
[SourceVersion "1"]
[SourceVersionDate "2023.10.10"]
[SourceQuality "1"]

1. e4 c5 2. c4 Nc6 3. Nc3 g6 4. g3 Bg7 5. Bg2 Nf6 6. Nge2 0-0 7. 0-0 d6 8. h3 a6 9. d3 Rb8 10. f4 Bd7 11. Be3 b5 12. Qd2 Qc8 13. Kh2 Ne8 14. Rac1 Nc7 15. cxb5 axb5 16. d4 cxd4 17. Nxd4 Nxd4 18. Bxd4 Bxd4 19. Qxd4 Ne6 20. Qd2 Qa6 21. Nd5 Rfe8 22. f5 Nc5 23. b4 Na4 24. f6 1-0

[Event "Hasselbacken op"]
[Site "Stockholm"]
[Date "2016.05.01"]
[Round "2"]
[White "Smith, Axel"]
[Black "Rorvik, Jon Fredrik"]
[Result "1-0"]
[WhiteElo "2503"]
[BlackElo "2158"]
[PlyCount "89"]
[EventDate "2016.04.30"]
[EventType "swiss"]
[EventRounds "9"]
[EventCountry "SWE"]
[SourceTitle "CBM 172 Extra"]
[Source "ChessBase"]
[SourceDate "2016.06.21"]
[SourceVersion "1"]
[SourceVersionDate "2016.06.21"]
[SourceQuality "1"]

1. c4 e5 2. Nc3 Nf6 3. Nf3 Nc6 4. e3 Be7 5. d4 exd4 6. Nxd4 0-0 7. Be2 Re8 8. 0-0 d6 9. b3 Bd7 10. Bb2 Bf8 11. Rc1 Ne7 12. Bf3 Rb8 13. Qd2 Bg4 14. Nd5 Nexd5 15. cxd5 Bxf3 16. Nxf3 Ne4 17. Qd4 Qd7 18. Rfd1 c5 19. dxc6 bxc6 20. Nd2 Nxd2 21. Rxd2 Rec8 22. e4 Qe6 23. g3 c5 24. Qd5 Qg6 25. Rc4 Re8 26. Kg2 Rbc8 27. f4 Qe6 28. f5 Qd7 29. g4 Qc6 30. Kf3 Qa6 31. Bc3 Qa3 32. h4 Rc7 33. g5 Qa6 34. h5 Qb7 35. Qxb7 Rxb7 36. Ra4 Rc8 37. f6 Rd7 38. Ra6 Rcd8 39. Rd5 g6 40. h6 Kh8 41. Ke3 Re8 42. Kd3 Rb7 43. Bd2 Kg8 44. Rc6 Ra8 45. Bf4 1-0

[Event "Konnerud CC-ch"]
[Site "Konnerud"]
[Date "2016.??.??"]
[Round "8"]
[White "Nilsen, Helmer"]
[Black "Rorvik, Jon Fredrik"]
[Result "0-1"]
[WhiteElo "1502"]
[BlackElo "2155"]
[PlyCount "24"]
[EventDate "2016.01.06"]
[EventType "swiss"]
[EventRounds "11"]
[EventCountry "NOR"]
[SourceTitle "EXT 2024"]
[Source "ChessBase"]
[SourceDate "2023.10.10"]
[SourceVersion "1"]
[SourceVersionDate "2023.10.10"]
[SourceQuality "1"]

1. d4 d5 2. e3 Nd7 3. Nf3 e6 4. b3 Ngf6 5. c4 c6 6. Bd3 Bd6 7. Ba3 Bxa3 8. Nxa3 Qa5+ 9. Qd2 Qxa3 10. b4 dxc4 11. Bxc4 Ne4 12. Qd3 Qxb4+ 0-1

[Event "Politiken Cup 36th"]
[Site "Helsingor"]
[Date "2014.07.28"]
[Round "9"]
[White "Molin, Claus"]
[Black "Rorvik, Jon Fredrik"]
[Result "1/2-1/2"]
[WhiteElo "2002"]
[BlackElo "2151"]
[PlyCount "86"]
[EventDate "2014.07.21"]
[EventType "swiss"]
[EventRounds "10"]
[EventCountry "DEN"]
[SourceTitle "CBM 161 Extra"]
[Source "ChessBase"]
[SourceDate "2014.08.29"]
[SourceVersion "1"]
[SourceVersionDate "2014.08.29"]
[SourceQuality "1"]

1. d4 d5 2. Nf3 Nf6 3. c4 e6 4. Bg5 Be7 5. Nc3 0-0 6. e3 Nbd7 7. Rc1 c6 8. Bd3 dxc4 9. Bxc4 Nd5 10. Bxe7 Qxe7 11. Ne4 N5b6 12. Bd3 e5 13. dxe5 Nxe5 14. Nxe5 Qxe5 15. Qc2 h6 16. 0-0 Nd5 17. a3 Rd8 18. b4 Nc7 19. Rce1 a5 20. f4 Qe7 21. f5 f6 22. Bc4+ Kh8 23. Nc5 axb4 24. axb4 Nd5 25. Bxd5 Rxd5 26. e4 Re5 27. g4 b6 28. Nd3 Rxe4 29. Nf4 Rxe1 30. Ng6+ Kh7 31. Nxe7 Rxe7 32. Qd2 Rea7 33. Re1 c5 34. bxc5 bxc5 35. Rc1 Ra5 36. Qd5 R8a7 37. Qd8 Bb7 38. Qe8 Ra8 39. Qg6+ Kg8 40. Re1 Ra1 41. Rxa1 Rxa1+ 42. Kf2 Bc6 43. Qh5 c4 1/2-1/2

[Event "Politiken Cup 36th"]
[Site "Helsingor"]
[Date "2014.07.26"]
[Round "7"]
[White "Mottonen, Ari"]
[Black "Rorvik, Jon Fredrik"]
[Result "1/2-1/2"]
[WhiteElo "2000"]
[BlackElo "2151"]
[PlyCount "107"]
[EventDate "2014.07.21"]
[EventType "swiss"]
[EventRounds "10"]
[EventCountry "DEN"]
[SourceTitle "CBM 161 Extra"]
[Source "ChessBase"]
[SourceDate "2014.08.29"]
[SourceVersion "1"]
[SourceVersionDate "2014.08.29"]
[SourceQuality "1"]

1. Nf3 d5 2. g3 Nf6 3. Bg2 Nbd7 4. d4 e6 5. 0-0 Be7 6. c4 c6 7. Qc2 0-0 8. Nbd2 b6 9. b3 Bb7 10. Bb2 Rc8 11. e4 dxe4 12. Nxe4 Nxe4 13. Qxe4 Qc7 14. Qe2 Nf6 15. Rfd1 Rfd8 16. Rd3 c5 17. Rad1 cxd4 18. Rxd4 Rxd4 19. Rxd4 Rd8 20. Qd1 Rxd4 21. Qxd4 Bc5 22. Qe5 Bxf2+ 23. Kf1 Qxe5 24. Nxe5 Bxg2+ 25. Kxf2 Bb7 26. Ke3 Ne4 27. b4 f6 28. Nd3 Nd6 29. Kd4 e5+ 30. Kc3 Kf7 31. c5 Ne4+ 32. Kc4 bxc5 33. Nxc5 Nd6+ 34. Kd3 Bd5 35. a4 h5 36. Bc1 Bc4+ 37. Kc3 Bd5 38. b5 Ke7 39. Be3 Nc8 40. Na6 Kd7 41. Kb4 Bf3 42. a5 g6 43. Kc5 Bg2 44. b6 axb6+ 45. axb6 Bb7 46. Nb4 Ke6 47. Nc6 Bxc6 48. Kxc6 Nxb6 49. Bxb6 Kf5 50. Kd5 Kg4 51. Bd8 Kh3 52. Bxf6 Kxh2 53. Bxe5 Kh3 54. Ke4 1/2-1/2

[Event "Politiken Cup 36th"]
[Site "Helsingor"]
[Date "2014.07.22"]
[Round "3"]
[White "Hardlei, Johan"]
[Black "Rorvik, Jon Fredrik"]
[Result "0-1"]
[WhiteElo "1884"]
[BlackElo "2151"]
[PlyCount "124"]
[EventDate "2014.07.21"]
[EventType "swiss"]
[EventRounds "10"]
[EventCountry "DEN"]
[SourceTitle "CBM 161 Extra"]
[Source "ChessBase"]
[SourceDate "2014.08.29"]
[SourceVersion "1"]
[SourceVersionDate "2014.08.29"]
[SourceQuality "1"]

1. e4 e5 2. Nf3 Nc6 3. d4 exd4 4. Nxd4 Bc5 5. Be3 Qf6 6. c3 Nge7 7. Bc4 Ne5 8. Be2 Qg6 9. 0-0 0-0 10. Nd2 d6 11. f3 Bb6 12. Kh1 f5 13. f4 N5c6 14. Nxc6 Nxc6 15. Bxb6 axb6 16. exf5 Bxf5 17. Nb3 Kh8 18. Bf3 Bc2 19. Qd2 Rae8 20. Nd4 Bd3 21. Bxc6 bxc6 22. f5 Bxf5 23. Qf4 Re5 24. Rae1 Rxe1 25. Rxe1 Re8 26. Rf1 Be6 27. Nxc6 Bg8 28. h3 Re2 29. Qf3 Qe8 30. Nd8 Rxb2 31. Qf8 Qxf8 32. Rxf8 h6 33. Ne6 c6 34. Nd8 Kh7 35. Nb7 Bd5 36. Nxd6 Rxg2 37. c4 Rg6+ 38. cxd5 Rxd6 39. dxc6 Rxc6 40. Rb8 Kg6 41. Kg2 Kh5 42. Ra8 Rc5 43. Ra4 Ra5 44. Rb4 Rxa2+ 45. Kg3 Ra3+ 46. Kg2 Ra6 47. Kg3 Kg5 48. Rb5+ Kf6 49. Kg4 Ke6 50. Rb4 Kd5 51. Rb1 Ra4+ 52. Kh5 Kc5 53. Kg6 b5 54. Kxg7 Rh4 55. Rc1+ Kb6 56. Rc3 b4 57. Rf3 Kb5 58. Rf5+ Ka4 59. Rf8 Rxh3 60. Ra8+ Kb3 61. Kg6 Kb2 62. Rc8 b3 0-1

[Event "Politiken Cup 35th"]
[Site "Helsingor"]
[Date "2013.07.29"]
[Round "4"]
[White "Svendsen, Petter"]
[Black "Rorvik, Jon Fredrik"]
[Result "0-1"]
[WhiteElo "1974"]
[BlackElo "2154"]
[PlyCount "100"]
[EventDate "2013.07.27"]
[EventType "swiss"]
[EventRounds "10"]
[EventCountry "DEN"]
[SourceTitle "CBM 155 Extra"]
[Source "ChessBase"]
[SourceDate "2013.08.26"]
[SourceVersion "1"]
[SourceVersionDate "2013.08.26"]
[SourceQuality "1"]

1. d4 d5 2. c4 e6 3. Nc3 Nf6 4. Bg5 c6 5. e3 Nbd7 6. Nf3 Bd6 7. Be2 0-0 8. 0-0 h6 9. Bh4 b6 10. cxd5 exd5 11. Rc1 Bb7 12. Qa4 Qe7 13. Rfd1 a5 14. Qc2 Rfe8 15. Qf5 g6 16. Bxf6 Nxf6 17. Qh3 Kg7 18. Na4 Qd8 19. Bd3 Bc7 20. g3 Bc8 21. Qg2 Bd7 22. b3 Qe7 23. Rd2 Rab8 24. Rdc2 Bd6 25. h4 Rec8 26. Nc3 Re8 27. Ne2 Ne4 28. Nd2 f5 29. Bxe4 fxe4 30. Nf1 Rf8 31. Nf4 Rf7 32. Qh2 Rbf8 33. h5 Bxf4 34. hxg6 Bxe3 35. Nxe3 Rf6 36. Qh5 Rxg6 37. Kg2 Qg5 38. Qe2 Rgf6 39. Rh1 Rf3 40. Qe1 Qg6 41. Rh4 Qf6 42. Qd2 Rf7 43. a4 Kh7 44. Rh5 Rg7 45. b4 Rfxg3+ 46. fxg3 Qf3+ 47. Kg1 Qxh5 48. bxa5 Rxg3+ 49. Ng2 bxa5 50. Qf4 Qd1+ 0-1

[Event "Politiken Cup 35th"]
[Site "Helsingor"]
[Date "2013.07.27"]
[Round "1"]
[White "Rorvik, Jon Fredrik"]
[Black "Pedersen, Carl Aage"]
[Result "1-0"]
[WhiteElo "2154"]
[BlackElo "1734"]
[PlyCount "117"]
[EventDate "2013.07.27"]
[EventType "swiss"]
[EventRounds "10"]
[EventCountry "DEN"]
[SourceTitle "CBM 155 Extra"]
[Source "ChessBase"]
[SourceDate "2013.08.26"]
[SourceVersion "1"]
[SourceVersionDate "2013.08.26"]
[SourceQuality "1"]

1. c4 f5 2. Nc3 Nf6 3. g3 e6 4. Bg2 Be7 5. e3 c6 6. Nge2 0-0 7. 0-0 d5 8. cxd5 cxd5 9. d4 Nc6 10. Bd2 Bd7 11. Rc1 Rc8 12. Nf4 b6 13. Qe2 Na5 14. Rfd1 Nc4 15. Be1 Nd6 16. Nd3 Nf7 17. f3 Bc6 18. Bf2 Nd6 19. Ne5 Bb7 20. Bf1 Nd7 21. Nd3 Nf6 22. Qe1 Nd7 23. Nf4 Rf6 24. Nb5 Nxb5 25. Bxb5 a6 26. Rxc8 Bxc8 27. Bf1 Bd6 28. Nd3 a5 29. Rc1 Bb7 30. Qc3 Rf7 31. b4 Nf8 32. bxa5 bxa5 33. Qb3 Qa8 34. Be1 a4 35. Qb6 Qa6 36. Rb1 Rc7 37. Qb2 Qa7 38. Bb4 Bxb4 39. Qxb4 Ba6 40. Nc5 Bxf1 41. Kxf1 e5 42. Qb6 exd4 43. Qxa7 Rxa7 44. exd4 Re7 45. Rb4 g5 46. Nxa4 Ne6 47. Nc5 f4 48. Nxe6 Rxe6 49. Rb5 fxg3 50. hxg3 h6 51. a4 Re3 52. Kf2 Ra3 53. a5 Ra2+ 54. Kg1 Kg7 55. Rxd5 Kg6 56. g4 Ra1+ 57. Kf2 Ra2+ 58. Ke3 Ra3+ 59. Ke4 1-0

[Event "Politiken Cup 34th"]
[Site "Helsingor"]
[Date "2012.08.02"]
[Round "7"]
[White "Rorvik, Jon Fredrik"]
[Black "Karlsson, Ulf"]
[Result "1/2-1/2"]
[WhiteElo "2149"]
[BlackElo "2012"]
[PlyCount "38"]
[EventDate "2012.07.28"]
[EventType "swiss"]
[EventRounds "10"]
[EventCountry "DEN"]
[SourceTitle "CBM 149 Extra"]
[Source "ChessBase"]
[SourceDate "2012.08.24"]
[SourceVersion "1"]
[SourceVersionDate "2012.08.24"]
[SourceQuality "1"]

1. c4 e5 2. Nc3 Nc6 3. g3 f5 4. Bg2 Nf6 5. e3 d5 6. cxd5 Nb4 7. d3 Nfxd5 8. Nxd5 Nxd5 9. Ne2 Bb4+ 10. Bd2 Bxd2+ 11. Qxd2 c6 12. 0-0 0-0 13. Rfd1 Be6 14. b4 Qe7 15. Qb2 Bf7 16. a3 Rad8 17. Nc3 Nxc3 18. Qxc3 Bd5 19. Bxd5+ Rxd5 1/2-1/2

[Event "Politiken Cup 34th"]
[Site "Helsingor"]
[Date "2012.07.31"]
[Round "5"]
[White "Rorvik, Jon Fredrik"]
[Black "Petersen, Tom Petri"]
[Result "0-1"]
[WhiteElo "2149"]
[BlackElo "2360"]
[PlyCount "112"]
[EventDate "2012.07.28"]
[EventType "swiss"]
[EventRounds "10"]
[EventCountry "DEN"]
[SourceTitle "CBM 149 Extra"]
[Source "ChessBase"]
[SourceDate "2012.08.24"]
[SourceVersion "1"]
[SourceVersionDate "2012.08.24"]
[SourceQuality "1"]

1. c4 g6 2. Nc3 Bg7 3. g3 e5 4. Bg2 Ne7 5. e4 0-0 6. Nge2 Nbc6 7. d3 d6 8. 0-0 Be6 9. h3 Qd7 10. Kh2 f5 11. f4 Rf7 12. Nd5 Raf8 13. Be3 fxe4 14. dxe4 b6 15. Qd2 Na5 16. Rac1 c6 17. Nxe7+ Qxe7 18. b3 Rd8 19. Rcd1 Rff8 20. Qc1 Nb7 21. fxe5 dxe5 22. Rxd8 Qxd8 23. Rd1 Qe7 24. Qc2 Rd8 25. Rxd8+ Qxd8 26. Qd2 Qxd2 27. Bxd2 Bf8 28. Bc3 Bd6 29. g4 h6 30. Kg3 a5 31. Nc1 Nc5 32. Kf3 Kf7 33. Bf1 Kf6 34. Nd3 Nxd3 35. Bxd3 Bb4 36. Bxb4 axb4 37. Kg3 Ke7 38. Kf3 Bf7 39. Be2 Kd6 40. Ke3 Kc5 41. h4 g5 42. hxg5 hxg5 43. Bd3 Be6 44. Be2 Bc8 45. Bd1 Ba6 46. Be2 b5 47. cxb5 Bxb5 48. Bd1 Bf1 49. Bc2 Kb6 50. Kf2 Ba6 51. Ke3 c5 52. Bd1 c4 53. Bc2 Kc5 54. bxc4 Bxc4 55. Bb3 Ba6 56. Bd1 Bc8 0-1

[Event "Politiken Cup 33rd"]
[Site "Helsingor"]
[Date "2011.08.04"]
[Round "7"]
[White "Hjornevik, Knut Jarle"]
[Black "Rorvik, Jon Fredrik"]
[Result "0-1"]
[WhiteElo "1959"]
[BlackElo "2172"]
[PlyCount "80"]
[EventDate "2011.07.30"]
[EventType "swiss"]
[EventRounds "10"]
[EventCountry "DEN"]
[SourceTitle "CBM 143 Extra"]
[Source "ChessBase"]
[SourceDate "2011.08.29"]
[SourceVersion "1"]
[SourceVersionDate "2011.08.29"]
[SourceQuality "1"]

1. d4 d5 2. e4 dxe4 3. Nc3 e6 4. Nxe4 Nd7 5. Nf3 Be7 6. Bd3 Ngf6 7. 0-0 0-0 8. Qe2 Nxe4 9. Qxe4 Nf6 10. Qh4 g6 11. Bg5 Re8 12. Ne5 Nh5 13. Bxe7 Qxe7 14. Qxe7 Rxe7 15. g3 Bd7 16. Be4 c6 17. c3 Rd8 18. Rad1 Nf6 19. Bg2 Ne8 20. Rfe1 Nc7 21. f4 Be8 22. Kf2 Kg7 23. Bf3 f6 24. Nd3 Bf7 25. h4 h5 26. Rd2 Be8 27. Rde2 Kf7 28. f5 gxf5 29. Bxh5+ Kf8 30. Bxe8 Rdxe8 31. Nc5 b6 32. Nb7 Rd7 33. Kf3 Rb8 34. Nc5 bxc5 35. dxc5 e5 36. c4 Ne6 37. Rf2 f4 38. Ke4 Kf7 39. gxf4 Nxf4 40. Rh1 Ke6 0-1

[Event "Politiken Cup 33rd"]
[Site "Helsingor"]
[Date "2011.08.02"]
[Round "5"]
[White "Kyrkjebo, Erlend"]
[Black "Rorvik, Jon Fredrik"]
[Result "1/2-1/2"]
[WhiteElo "1953"]
[BlackElo "2172"]
[PlyCount "38"]
[EventDate "2011.07.30"]
[EventType "swiss"]
[EventRounds "10"]
[EventCountry "DEN"]
[SourceTitle "CBM 143 Extra"]
[Source "ChessBase"]
[SourceDate "2011.08.29"]
[SourceVersion "1"]
[SourceVersionDate "2011.08.29"]
[SourceQuality "1"]

1. e4 e5 2. Nc3 Nc6 3. Bc4 Nf6 4. d3 Bb4 5. Nge2 d5 6. exd5 Nxd5 7. 0-0 Nb6 8. Bb3 Na5 9. Ne4 Nxb3 10. axb3 f5 11. N4g3 0-0 12. f4 exf4 13. Bxf4 Nd5 14. c3 Nxf4 15. Nxf4 Bd6 16. d4 Qg5 17. Qf3 Bxf4 18. Qxf4 Qxf4 19. Rxf4 Bd7 1/2-1/2

[Event "Politiken Cup 33rd"]
[Site "Helsingor"]
[Date "2011.07.31"]
[Round "2"]
[White "Rorvik, Jon Fredrik"]
[Black "Ni, Hua"]
[Result "0-1"]
[WhiteElo "2172"]
[BlackElo "2662"]
[PlyCount "138"]
[EventDate "2011.07.30"]
[EventType "swiss"]
[EventRounds "10"]
[EventCountry "DEN"]
[SourceTitle "CBM 143 Extra"]
[Source "ChessBase"]
[SourceDate "2011.08.29"]
[SourceVersion "1"]
[SourceVersionDate "2011.08.29"]
[SourceQuality "1"]

1. c4 Nf6 2. Nc3 g6 3. g3 d5 4. cxd5 Nxd5 5. Bg2 Nb6 6. Nf3 Bg7 7. 0-0 Nc6 8. d3 0-0 9. Be3 e5 10. Qd2 Nd4 11. Bh6 Re8 12. Bxg7 Kxg7 13. Rfd1 Bg4 14. Ne1 c6 15. h3 Be6 16. e3 Nf5 17. Nf3 f6 18. b3 Qe7 19. Qb2 Red8 20. Rac1 Nd6 21. Ne1 a5 22. d4 e4 23. Nxe4 Nxe4 24. Bxe4 Bxh3 25. Bf3 Bf5 26. Nd3 Bxd3 27. Rxd3 h5 28. Qe2 f5 29. e4 fxe4 30. Qxe4 Qxe4 31. Bxe4 Nd5 32. Rc5 Nf6 33. Bf3 Rd6 34. Rd1 Nd7 35. Rcc1 Rf8 36. Bg2 Rd8 37. Bf3 Kh6 38. Kg2 g5 39. Rh1 Nf6 40. Bxh5 Nxh5 41. g4 Rxd4 42. Rxh5+ Kg6 43. f3 Rd2+ 44. Kg3 Rxa2 45. Rc5 Rd5 46. Rxd5 cxd5 47. Rh8 Rb2 48. Rd8 Rxb3 49. Rd6+ Kf7 50. Rxd5 b5 51. Rxg5 a4 52. Rc5 a3 53. Rc7+ Ke6 54. Ra7 b4 55. Kf4 Rd3 56. g5 Rd4+ 57. Ke3 Rd7 58. Ra6+ Rd6 59. Ra7 Kf5 60. Ra5+ Kg6 61. f4 Rb6 62. Kd2 b3 63. Kc1 b2+ 64. Kb1 Rb3 65. Ra6+ Kf5 66. g6 Rg3 67. Ka2 Rg1 68. Rb6 Ra1+ 69. Kb3 b1Q+ 0-1